| 000 | 00887cam a22001814a 4500 | ||
|---|---|---|---|
| 005 | 20250605164354.0 | ||
| 008 | 250528s ||||||||||||||||||||||||d | ||
| 035 | _a24256 | ||
| 040 |
_aGR-AtMCL _bgre _dGR-AtMCL _eAACR2 |
||
| 245 | 1 | _aHealth by the People / World Health - The Magazine of the World Health Organization | |
| 260 |
_bWorld Health, _c1992 |
||
| 300 | _a31 | ||
| 520 | _aA Grand Alliance, Wisdom and Guidance from the Community, Among the Street Children, Trust in the People, Listen to the Community, Safe Motherhood in Tanzania, Family Welfare Afloat, Health by the People, Democratic Psychiatry, Profile of a Health Advocate, Strip Cartoons for Health, A Life - That's Really Worth Something, The Key to Child Survival, Ideas for Action. | ||
| 700 | 1 |
_aNakajima Hiroshi _99435 |
|
| 942 | _cCR | ||
| 999 |
_c9146 _d9146 |
||